1533 1475 1925 1687 1078 1798 1400 1961 1525 1411 1099 1034 1181 1451 1446 1208 1831 1892 1171 1113 1329 1211 1522 1938 1410 1839 1359 1345 1910 1861 1995 1335 1752 1579 1806 1173 1603 1865 1557 1173 1151 1477 1885 1050 1620 1149 1981 1438 1712 1657 1710 1653 1215 1438 1320 1740 1622 1982 1038 1301 1944 1272 1936 1657 1727 1166 1142 1749 1337 1129 1798 1127 1085 1927 1140 1783 1678 1007 1765 1261 1977 1929 1246 1477 1864 1239 1476 1081 1476 1686 1235 1700 1524 1527 1371 1781 1215 1467 1387 BCNSPRNW ULIB Ver.6.0+V

เปลี่ยนเป็นภาษาไทย

Change to English
 แสดงรายละเอียดบรรณานุกรม
  กลับหน้าหลัก

Brief Record : Get Marc (ISO 2709) : E-mail record : QR code < ปิดหน้าต่าง
LEADER : 00000nam 2200000uu 4500
001    13399123473
003     ULIB
008    140923s2553||||th 000 0 tha d
020    ^a9789740327301
060    ^aWB550^bบ481ด
100    ^aบุษกร บิณฑสันต์
245    ^aดนตรีบำบัด/โดย บุษกร บิณฑสันต์
250    ^aพิมพ์ครั้งที่ 2
260    ^aกรุงเทพฯ:^bสำนักพิมพ์แห่งจุฬาลงกรณ์มหาวิทยาลัย,^c2553
300    ^a247หน้า :^b
650  0 ^aดนตรีบำบัด
945    ^p125^l0^i20803
945    ^p125^l0^i20804
945    ^p125^l0^i20805
945    ^p125^l0^i20806
945    ^p125^l0^i20807
999    ^aทศพร เกษรทอง
รายการนี้ยังไม่มีแท็ก
คุณยังไม่ได้ล็อกอิน คุณสามารถมีกิจกรรมร่วมกับเว็บไซต์ได้ แต่ต้องล็อกอินก่อน ::
  ล็อกอิน

รายการสื่อสารสนเทศ

ลำดับที่ ประเภท เลขเรียก/บาร์โค้ด สถานที่ สถานะ
- ไม่พบข้อมูล -

รายการใกล้เคียง
    ชื่อเรื่อง [ดนตรีบำบัด/โดย บุษกร บิณฑสันต์]

    ผู้แต่ง [บุษกร บิณฑสันต์]

    หัวเรื่อง [ดนตรีบำบัด]

BibComment


ยังไม่เคยถูกคอมเมนท์

คอมเมนท์ทรัพยากรรายการนี้
  คอมเมนท์: ดนตรีบำบัดโดย บุ..


 Copyright 2026. Bcnsprnw @Library